|
|
|
|
| LEADER |
00000nam0a2200000 4500 |
| 001 |
290774 |
| 005 |
20231102000324.0 |
| 020 |
|
|
|a RU
|b 83-39140
|
| 035 |
|
|
|a (RuTPU)RU\TPU\book\315332
|
| 090 |
|
|
|a 290774
|
| 100 |
|
|
|a 20150408d1983 m y0rusy5003 ca
|
| 101 |
0 |
|
|a rus
|
| 102 |
|
|
|a RU
|
| 105 |
|
|
|a a j 001zy
|
| 200 |
1 |
|
|a Физические основы прочности металлов
|e учебное пособие для слушателей курсов повышения квалификации
|f В. С. Игнатьева
|g Московский инженерно-строительный институт (МИСИ)
|
| 210 |
|
|
|a Москва
|c Изд-во МИСИ
|d 1983
|
| 215 |
|
|
|a 74 с.
|c ил.
|
| 320 |
|
|
|a Библиогр.: с. 72
|
| 606 |
1 |
|
|a Металлические конструкции
|x Строительная механика
|2 stltpush
|3 (RuTPU)RU\TPU\subj\42312
|9 61991
|
| 610 |
1 |
|
|a прочность
|
| 610 |
1 |
|
|a физические основы
|
| 610 |
1 |
|
|a металлы
|
| 610 |
1 |
|
|a структура
|
| 610 |
1 |
|
|a строение
|
| 610 |
1 |
|
|a кристаллическая решетка
|
| 610 |
1 |
|
|a несовершенство
|
| 610 |
1 |
|
|a деформационное упрочнение
|
| 610 |
1 |
|
|a структурное упрочнение
|
| 610 |
1 |
|
|a кристаллы
|
| 610 |
1 |
|
|a дефекты
|
| 610 |
1 |
|
|a наблюдение
|
| 610 |
1 |
|
|a экспериментальные методы
|
| 610 |
1 |
|
|a разрушение
|
| 610 |
1 |
|
|a учебные пособия
|
| 675 |
|
|
|a 624.014(075.9)
|z rus
|v 4
|
| 700 |
|
1 |
|a Игнатьева
|b В. С.
|g Вера Семеновна
|4 070
|
| 712 |
0 |
2 |
|a Московский инженерно-строительный институт (МИСИ)
|c (1921-1993)
|2 stltpush
|3 (RuTPU)RU\TPU\col\7908
|
| 801 |
|
0 |
|a RU
|b RuMRKP
|c 19950704
|g psbo
|
| 801 |
|
1 |
|a RU
|b 63413507
|c 20150408
|
| 801 |
|
2 |
|a RU
|b 63413507
|c 20190215
|g RCR
|
| 942 |
|
|
|c BK
|